00709nam a2200241Ia 4500003000900000005001700009008004100026040001300067040001300080041000800093100003100101245004100132250001300173260001200186260000900198300001200207300001000219490002200229490000600251942001200257999001700269952018100286IT-RoPAU20220918175707.0120407s9999 xx 000 0 und d aIT-RoPAU cIT-RoPAU aita aWilliam Shakespeare935123 aTutte le opere. A cura di Mario Praz aFirenze  aSansoni c1964 a1367 p. c22 cm aLe voci del mondo v1 cBK2ddc c25429d25429 00102ddc406808_41000000000000071aPAULUSbPAULUSd2012-04-11l0o808.41r2012-04-11 00:00:00w2012-04-11yBKzInserito da: In data: n.d. fondo: Via A.Severo 56 Progr:35723